BSOP header

The process of psychoanalytic therapy : (Record no. 44191)

MARC details
000 -LEADER
fixed length control field 01071pam a2200301 a 4500
001 - CONTROL NUMBER
control field 444370
005 - DATE AND TIME OF LATEST TRANSACTION
control field 20181008113903.0
008 - FIXED-LENGTH DATA ELEMENTS--GENERAL INFORMATION
fixed length control field 821019s1983 nju b 001 0 eng
010 ## - LIBRARY OF CONGRESS CONTROL NUMBER
LC control number 82020668
020 ## - INTERNATIONAL STANDARD BOOK NUMBER
International Standard Book Number 0881630039
040 ## - CATALOGING SOURCE
Original cataloging agency DLC
Transcribing agency DLC
Modifying agency DLC
100 1# - MAIN ENTRY--PERSONAL NAME
Personal name Peterfreund, Emanuel,
Dates associated with a name 1924-
245 14 - TITLE STATEMENT
Title The process of psychoanalytic therapy :
Remainder of title models and strategies /
Statement of responsibility, etc Emanuel Peterfreund.
260 ## - PUBLICATION, DISTRIBUTION, ETC. (IMPRINT)
Place of publication, distribution, etc Hillsdale, N.J. :
Name of publisher, distributor, etc Analytic Press :
-- Distributed by L. Erlbaum Associates,
Date of publication, distribution, etc c1983.
300 ## - PHYSICAL DESCRIPTION
Extent xiii, 266 p. ;
Dimensions 24 cm.
336 ## - CONTENT TYPE
Content Type Term text
337 ## - MEDIA TYPE
Media Type Term unmediated
338 ## - CARRIER TYPE
Carrier Type Term volume
500 ## - GENERAL NOTE
General note Includes index.
504 ## - BIBLIOGRAPHY, ETC. NOTE
Bibliography, etc Bibliography: p. 255-257.
650 #0 - SUBJECT ADDED ENTRY--TOPICAL TERM
Topical term or geographic name as entry element Psychoanalysis.
650 #0 - SUBJECT ADDED ENTRY--TOPICAL TERM
Topical term or geographic name as entry element Psychoanalysis
General subdivision Case studies.
650 #2 - SUBJECT ADDED ENTRY--TOPICAL TERM
Topical term or geographic name as entry element Psychoanalytic therapy.
650 #2 - SUBJECT ADDED ENTRY--TOPICAL TERM
Topical term or geographic name as entry element Models, Psychological.
856 42 - ELECTRONIC LOCATION AND ACCESS
Materials specified Publisher description
Uniform Resource Identifier <a href="http://www.loc.gov/catdir/enhancements/fy0709/82020668-d.html">http://www.loc.gov/catdir/enhancements/fy0709/82020668-d.html</a>
856 42 - ELECTRONIC LOCATION AND ACCESS
Materials specified Contributor biographical information
Uniform Resource Identifier <a href="http://www.loc.gov/catdir/enhancements/fy1115/82020668-b.html">http://www.loc.gov/catdir/enhancements/fy1115/82020668-b.html</a>
942 ## - ADDED ENTRY ELEMENTS (KOHA)
Source of classification or shelving scheme Library of Congress Classification
Item type Books
Holdings
Withdrawn status Lost status Source of classification or shelving scheme Damaged status Not for loan Home library Current library Shelving location Date acquired Source of acquisition Inventory number Total Checkouts Full call number Barcode Date last seen Price effective from Koha item type
    Library of Congress Classification     BSOP Library BSOP Library Dr. Kirwan's Office 10/08/2018 Dr. Kirwan Collection 43767   RC504 P44 1983 00054767 10/08/2018 10/08/2018 Books
BSOP

Biblical Seminary of the Philippines
  All rights Reserved
  © 2024

CONTACT INFORMATION

Biblical Seminary of the Philippines,
  77-B Karuhatan Road, Valenzuela City,
  PHILIPPINES 1441
  Phone: +632 8292-6795 / 8292-6798
  Fax : +632 8292-6675
  Email: library@bsop.edu.ph